Kvalilfikovaných ľudí je nedostatok

Stále rastúci segement bezpečnostných služieb trápi problém spojený s nedostatkom personálu. Ich činnosť však v mnohom začínajú suplovať moderné technológie.

Saved in:
Bibliographic Details
Main Author: Alenová, Gabriela
Format: Book Chapter
Language:Slovak
Subjects:
Tags: Add Tag
No Tags, Be the first to tag this record!

MARC

LEADER 00000naa a2200000 4500
001 0290919
005 20240417075225.0
041 0 |a slo 
044 |a SK 
245 1 0 |a Kvalilfikovaných ľudí je nedostatok  |c Gabriela Alenová 
520 |a Stále rastúci segement bezpečnostných služieb trápi problém spojený s nedostatkom personálu. Ich činnosť však v mnohom začínajú suplovať moderné technológie. 
610 2 0 |a kvalifikácia 
610 2 0 |a zamestnanosť 
610 2 0 |a trh práce 
610 2 0 |a služby bezpečnostné súkromné 
610 2 0 |a technológie nové 
100 1 |a Alenová, Gabriela